书目信息 |
| 题名: |
图书馆建筑的计划与设计
|
|
| 作者: | 汤普森 , Thompson 著 ;于得胜 等译 | |
| 分册: | ||
| 出版信息: | 北京 书目文献出版社 1981 |
|
| 页数: | 311页 | |
| 开本: | 25cm | |
| 丛书名: | ||
| 单 册: | ||
| 中图分类: | TU242.3 | |
| 科图分类: | ||
| 主题词: | 民用建筑--建筑设计 | |
| 电子资源: | ||
| ISBN: | ||
| 000 | 00772nam0 2200265 45 | |
| 001 | 0181006407 | |
| 005 | 20040517112021.3 | |
| 010 | @dCNY3.00 | |
| 091 | @a15201.2 | |
| 100 | @a19950623d1981 emky0chiy0121 ea | |
| 101 | 1 | @achi@ceng |
| 102 | @aCN@b110000 | |
| 105 | @ay z 000yy | |
| 106 | @ar | |
| 200 | 10 | @a图书馆建筑的计划与设计@Atu shu guan jian zhu de ji hua yu she ji@f(英)汤普逊(G.Thompson)著@g于得胜等译 |
| 210 | @a北京@c书目文献出版社@d1981 | |
| 215 | @a311页@d25cm | |
| 606 | 0 | @a民用建筑@x建筑设计 |
| 690 | @aTU242.3 | |
| 701 | 1 | @a汤普森@Atang pu sen@bG.@4著 |
| 701 | A1 | @aThompson@bG.@4著 |
| 702 | 0 | @a于得胜@Ayu de sheng@4等译 |
| 801 | 0 | @aCN@b上海图书馆@c20040517 |
| 801 | 2 | @aCN@bNLC@c20040517 |
| 905 | @f1@b158512@dTU242.3@e16@b174550@f1 | |
| 图书馆建筑的计划与设计/(英)汤普逊(G.Thompson)著/于得胜等译.-北京:书目文献出版社,1981 |
| 311页;25cm |
| ISBN :CNY3.00 |
| ● |
| 相关链接 |
|
|
|
|
正题名:图书馆建筑的计划与设计
索取号:TU242.3/16
 
预约/预借
| 序号 | 登录号 | 条形码 | 馆藏地/架位号 | 状态 | 备注 |
| 1 | 0083150 | 001481097 | 第二样本阅览室/ [索取号:TU242.3/16] | 在馆 | |
| 2 | 0158512 | 000067590 | 第三借阅区/ [索取号:TU242.3/16] | 在馆 | |
| 3 | 0174550 | 001481168 | 第三借阅区/ [索取号:TU242.3/16] | 在馆 |